WWE de A à Z - Statistiques

Statistiques générales
  • Ce quiz a été pris 1 179 fois
  • Le résultat moyen est 14 sur 26
Statistiques - réponses
Lettre Indice Réponses % Correct
C La pomme est son fruit préféré Carlito
88%
G Seul champion intercontinental autrichien de l'histoire Gunther
80%
R C'est le tout premier chef tribal Roman Reigns
80%
W L'identité de The Fiend Bray Wyatt
79%
Q Surnom de Charlotte Flair Queen
77%
U Samoan qui aime jouer de son pouce Umaga
75%
I Un viking qui a participé au Royal Rumble 2024 Ivar
72%
A Adversaire de Paige lors de son tout premier match dans le main roster AJ Lee
71%
T Membre de la Bloodline 2.0 et ancien champion NEVER à la NJPW Tama Tonga
63%
Y Vainqueur du Royal Rumble en 1993 Yokozuna
60%
K Remporte son premier titre de champion de la WWE à Wrestlemania 35 Kofi Kingston
59%
P Il est l'auteur de la pipe bomb CM Punk
57%
B Fils du légendaire Rick Steiner Bron Breakker
56%
J A commencer a la WWE aux côtés de Chad Gable Jason Jordan
51%
N Ancienne championne de smackdown passé par la TNA Naomi
51%
H A la dégaine d'un super-héros à la WWE The Hurricane
51%
S Il obtient son premier titre mondial en 1963 et marquera l'histoire de ce titre Bruno Sammartino
50%
O Cowboy qui est intronisé aux Hall Of Fame en 2005 Bob Orton
48%
X Aussi connu sous le nom du 1-2-3 Kid X-Pac
45%
M A remporter le titre de la WWE face à Randy Orton à Backlash Jinder Mahal
39%
F Membre des APA et de la Nation of Domination Faarooq
38%
D Un mafieux qui a remporté deux fois les titres par équipes à la NXT Tony D'angelo
35%
V Adversaire de Brock Lesnar lors de la deuxième édition de Crown Jewel Cain Velasquez
27%
E Il à décroché la toute première mallette du tout premier MITB féminin de l'histoire James Ellsworth
26%
L Ancien manager général de RAW John Laurinaitis
16%
Z Participant du main event de Summerslam de 1989 Zeus
12%
Aucun quiz correspondant
Distribution des résultats
% des personnes avec chaque résultat
Percentile par nombre de réponses
Votre historique - résultats
Vous n’avez pas pris ce quiz